Estadísticas para Países que contienen la letra H

Haz click aquí para intentar la prueba.

Estadísticas generales

  • Esta prueba ha sido intentada 667 veces
  • La puntuación promedio es 10 de 14

Estadísticas de respuestas

País% Correcto
Honduras
94%
Haití
90%
Hungría
87%
Chile
85%
China
85%
Chipre
75%
Chad
74%
República Checa
70%
Bosnia y Herzegovina
66%
Bahamas
62%
Ghana
62%
Seychelles
57%
Liechtenstein
56%
Islas Marshall
55%

Distribución de puntuación

Porcentaje por número respondido

Porcentaje de gente con cada puntuación

Historial de tus puntuaciones

No has intentado esta prueba.